000 00998cam a2200313 4500
008 011127n2001 000 0 eng u
020 _a0117536237
035 _a(Sirsi) u115748
050 _a692.2
100 _aBillington, M. J.
245 _aManual to the building regulations
250 _a3rd ed.
260 _aLondon
_bStationery Office
_c2001
300 _a97p.
_c30cm
350 _a17.00
520 _aA new edition of this guide to the Building Regulations 2000, which incorporates the new regulations and the 2002 editions of Approved Documents H, J, L1 and L2, coming into force on 1 April 2002.
650 _aAPPROVED DOCUMENT H
650 _aAPPROVED DOCUMENT J
650 _aAPPROVED DOCUMENT L1
650 _aAPPROVED DOCUMENT L2
650 _aAPPROVED DOCUMENTS
650 _aBUILDING REGULATIONS 2000
650 _aPART H
650 _aPART J
650 _aPART L1
650 _aPART L2
690 _aBUILT ENVIRONMENT-BUILDING STANDARDS
942 _n0
999 _c101788
_d101788